| 000 | 00528nam a2200181Ia 4500 | ||
|---|---|---|---|
| 999 |
_c13762 _d13762 |
||
| 082 | _aRG.0171 | ||
| 100 | _aGhosh, Partha S. | ||
| 245 | 0 | _aEthnicity versus nationalism : The devolution discourse in Sri Lanka | |
| 260 |
_c0 _bIndian Council of Social Science Research, New Delhi |
||
| 300 | _a449p. | ||
| 504 | _aBibliography at the end. | ||
| 650 | _aETHNICITY - EVOLUTION | ||
| 650 | _aETHNOLOGY - SRI LANKA | ||
| 650 | _aEVOLUTION | ||
| 650 | _aTAMILS - SRI LANKA | ||
| 650 | _aETHNOLOGY///TAMILS | ||
| 942 |
_cRP _2ddc |
||